Statistics for Create the Logo

Click here to take the quiz!

General Stats

  • This quiz has been taken 132 times
  • The average score is 14 of 28

Answers on the Map

Answers color-coded by a green-red scale on the quiz's map according to % correct below.
 

Answer Stats

Answer% Correct
Jetpunk
96%
Fish
89%
Green
86%
Starbucks
85%
White
84%
Blue
80%
Green
74%
Crown
63%
Siren
59%
Mountain
57%
Paramount
54%
Stars
51%
Alfa Romeo
50%
Blue
50%
Pringles
47%
22
43%
Circle
43%
Snake
37%
Yellow
33%
Crown
32%
Brown
31%
Bowtie
28%
Moustache
26%
Red
22%
Palm Trees
20%
Malibu
19%
Sunset
19%
Cross
14%

Score Distribution

Percentile by Number Answered

Percent of People with Each Score

Your Score History

You have not taken this quiz